Datum a čas kvízu
18.5
Celkem bodů
Celkový počet nahraných bodů na tomto kvízu bez doplňovacích otázek.
9.
Pořadí na kvízu
Konečné umístění týmu na tomto kvízu.
Zaznamenané odpovědi
| # | Otázka | Odpověď | Body | Výsledky |
|---|---|---|---|---|
| 1. | Komu přišlo hodně troufalé, že... | 0 | ||
| 2. | Ve středu byla odhalena nejvyš... | 1 | ||
| 3. | Někteří rockoví dinosauři žijí... | 0 | ||
| 4. | Rodící se největší pojišťovna... | 0 | ||
| 5. | Hřiště ve Wembley bylo při pon... | 0 | ||
| 6. | Pokud jste na titulní otázku o... | 1 | ||
| 7. | Herci Tobinu Bellovi přinesla... | 1 | ||
| 5. | Příběh thrilleru s prvky horor... | 0 | ||
| 5. | Nejúspěšnějším hororem, co do... | 0 | ||
| 10. | Shaun je hospodský povaleč, co... | 0 |